Statistics for Countries with a Smaller GDP than a Billionaire w/Exceptions

Click here to take the quiz!

General Stats

  • This quiz has been taken 23 times
    (7 since last reset)
  • The average score is 67 of 78

Answer Stats

GDP (In Millions)Country% Correct
17,000Afghanistan
100%
15,000Albania
100%
1,600Antigua and Barbuda
100%
13,000Armenia
100%
48,000Azerbaijan
100%
38,000Bahrain
100%
5,000Barbados
100%
1,900Belize
100%
2,000Bhutan
100%
20,000Bosnia and Herzegovina
100%
13,000Brunei
100%
60,000Croatia
100%
24,000Cyprus
100%
582Dominica
100%
88,000Dominican Republic
100%
27,000El Salvador
100%
16,000Georgia
100%
1,211Grenada
100%
76,000Guatemala
100%
5,000Guyana
100%
8,000Haiti
100%
25,000Honduras
100%
24,000Iceland
100%
15,000Jamaica
100%
134,000Kuwait
100%
8,000Kyrgyzstan
100%
18,000Laos
100%
6,000Liechtenstein
100%
71,000Luxembourg
100%
5,000Maldives
100%
11,000Moldova
100%
5,000Montenegro
100%
30,000Nepal
100%
16,000North Korea
100%
12,000North Macedonia
100%
76,000Oman
100%
66,000Panama
100%
1,600San Marino
100%
3,000Suriname
100%
8,000Tajikistan
100%
23,000Trinidad and Tobago
100%
57,000Uzbekistan
100%
24,000Yemen
100%
3,000Andorra
75%
13,000Bahamas
75%
66,000Belarus
75%
40,000Bolivia
75%
27,000Cambodia
75%
105,000Cuba
75%
2,000East Timor
75%
44,000Jordan
75%
7,000Kosovo
75%
56,000Lebanon
75%
14,000Malta
75%
7,000Monaco
75%
13,000Mongolia
75%
76,000Myanmar
75%
12,000Nicaragua
75%
38,000Paraguay
75%
1,050Saint Kitts and Nevis
75%
825Saint Vincent and the Grenadines
75%
51,000Serbia
75%
54,000Slovenia
75%
84,000Sri Lanka
75%
20,000Syria
75%
48,000Turkmenistan
75%
157,000Ukraine
75%
56,000Uruguay
75%
134,000Venezuela
75%
67,000Bulgaria
50%
61,000Costa Rica
50%
107,000Ecuador
50%
31,000Estonia
50%
163,000Hungary
50%
34,000Latvia
50%
54,000Lithuania
50%
2,000Saint Lucia
50%
105,000Slovakia
50%

Score Distribution

Percentile by Number Answered

Percent of People with Each Score

Your Score History

You have not taken this quiz since the last reset